[Event "23. Memorial Kochana - B"]
[Site "Koszalin"]
[Date "2012.08.12"]
[Round "2.2"]
[White "Zimochocki, Roman"]
[Black "Lisinski, Henryk"]
[Result "1/2-1/2"]
[WhiteElo "1805"]
[BlackElo "1976"]
[PlyCount "84"]
[EventDate "2012.??.??"]

1. d4 d5 2. Nf3 Nf6 3. Bf4 e6 4. Nbd2 c5 5. c3 Nc6 6. e3 Be7 7. h3 O-O 8. Bd3
h6 9. O-O a6 10. a4 b6 11. Re1 Bb7 12. Ne5 c4 13. Bc2 b5 14. axb5 axb5 15. e4
Rxa1 16. Qxa1 Nxe5 17. Bxe5 Nxe4 18. Nxe4 dxe4 19. Bxe4 Bxe4 20. Rxe4 Qd5 21.
Rg4 f6 22. Qa7 Rf7 23. Qb8+ Qd8 24. Qxd8+ Bxd8 25. Bd6 Rd7 26. Bc5 f5 27. Rg3
f4 28. Rf3 g5 29. g3 Bc7 30. gxf4 Bxf4 31. h4 Kg7 32. hxg5 hxg5 33. Rh3 Rd8 34.
Kg2 Bc1 35. Ba3 Rd5 36. Rh1 Bf4 37. Kf3 Rf5 38. Ke2 e5 39. dxe5 Rxe5+ 40. Kf3
Rd5 41. Ke4 Re5+ 42. Kf3 Rd5 1/2-1/2

[Event "23. Memorial Kochana - B"]
[Site "Koszalin"]
[Date "2012.08.12"]
[Round "2.3"]
[White "Szmidt, Przemyslaw"]
[Black "Czarnolewski, Piotr"]
[Result "1-0"]
[WhiteElo "1936"]
[BlackElo "1795"]
[PlyCount "139"]
[EventDate "2012.??.??"]

1. Nf3 c5 2. e4 Nc6 3. Bb5 g6 4. O-O Bg7 5. c3 e5 6. Na3 Nge7 7. Nc4 d6 8. d4
cxd4 9. cxd4 O-O 10. Bxc6 Nxc6 11. d5 Ne7 12. Bd2 Bg4 13. Bb4 Nc8 14. h3 Bxf3
15. Qxf3 f5 16. exf5 Rxf5 17. Qa3 Bf8 18. Rad1 b6 19. Qa6 Qd7 20. a3 Rf4 21.
Bd2 Rf7 22. Be3 Qb7 23. Qxb7 Rxb7 24. Nd2 b5 25. Ne4 Nb6 26. Bxb6 Rxb6 27. Rc1
Rb7 28. Rc6 Rd8 29. Rfc1 Be7 30. Rc7 Rd7 31. Rxb7 Rxb7 32. Rc6 Rd7 33. Kf1 Kf7
34. Ke2 Ke8 35. Kd3 Kd8 36. Nc3 Rb7 37. b4 Kd7 38. Ra6 Bd8 39. Ne4 Bb6 40. f3
Ke7 41. Nd2 Rc7 42. a4 bxa4 43. Nc4 Bd4 44. Rxa4 Rb7 45. Na5 Rd7 46. Nc6+ Kf6
47. Nxd4 exd4 48. Kxd4 Kf5 49. Ra2 Kf4 50. Re2 Kg3 51. Kc4 Rb7 52. Re6 Rb6 53.
Re7 a6 54. Rxh7 Kxg2 55. Rg7 Kxf3 56. Rxg6 Kf4 57. h4 Kf5 58. h5 a5 59. bxa5
Rb1 60. Rxd6 Rc1+ 61. Kb5 Ke5 62. Rd8 Rh1 63. a6 Rb1+ 64. Kc6 Rc1+ 65. Kb7 Rb1+
66. Ka8 Rh1 67. a7 Kf6 68. h6 Kg6 69. Kb8 Rb1+ 70. Kc7 1-0

[Event "23. Memorial Kochana - B"]
[Site "Koszalin"]
[Date "2012.08.12"]
[Round "2.4"]
[White "Siwon, Zbigniew"]
[Black "Bartoszewicz, Marcin"]
[Result "1/2-1/2"]
[WhiteElo "1792"]
[BlackElo "1908"]
[PlyCount "149"]
[EventDate "2012.??.??"]

1. d4 Nf6 2. c4 g6 3. Nc3 Bg7 4. e4 d6 5. f4 O-O 6. Nf3 c5 7. d5 e6 8. Be2 exd5
9. exd5 Na6 10. O-O Nc7 11. Bd3 h6 12. h4 Nh5 13. Kh2 Bg4 14. g3 f5 15. Bd2 Nf6
16. Qb3 Nh7 17. Rae1 Rb8 18. Nb5 a6 19. Nxc7 Qxc7 20. a4 Rfe8 21. Kg2 Nf6 22.
Nh2 Bh5 23. Bc3 Qd7 24. Qc2 Qf7 25. a5 Rxe1 26. Rxe1 Re8 27. Rxe8+ Qxe8 28.
Bxf6 Bxf6 29. Qd2 Bd4 30. Nf3 Qe3 31. Qxe3 Bxe3 32. Bc2 Kf7 33. Ba4 Ke7 34. Bc2
Bc1 35. b3 Ba3 36. Kf2 Bb4 37. Ke3 Bxa5 38. Bd3 Bc3 39. Kf2 Kd7 40. Bc2 Kc7 41.
Nh2 Kb6 42. g4 fxg4 43. Nf1 Ka5 44. Ng3 Kb4 45. Ne4 Bd4+ 46. Kg3 b5 47. cxb5
axb5 48. Nxd6 Kc3 49. Bd1 Kd2 50. Nxb5 g5 51. Bxg4 gxf4+ 52. Kxf4 Be3+ 53. Kf5
Be8 54. Nd6 Bd7+ 55. Ke4 Bxg4 56. Nc4+ Kc3 57. Nxe3 Bd7 58. Ke5 Kxb3 59. Kd6
Bh3 60. Kxc5 Kc3 61. Nc4 Kd3 62. Ne5+ Ke3 63. Nf7 h5 64. Ng5 Bg4 65. d6 Kf4 66.
Kd5 Bd7 67. Nh7 Kf5 68. Nf8 Ba4 69. Kc5 Be8 70. Kb6 Kg4 71. Ng6 Kf5 72. Ne7+
Kg4 73. Kc7 Kxh4 74. Kd8 Ba4 75. Kc7 1/2-1/2

[Event "23. Memorial Kochana - B"]
[Site "Koszalin"]
[Date "2012.08.12"]
[Round "2.5"]
[White "Czaplewska, Klara"]
[Black "Mucha, Krzysztof"]
[Result "1-0"]
[WhiteElo "1747"]
[BlackElo "1890"]
[PlyCount "75"]
[EventDate "2012.??.??"]

1. e4 c6 2. d4 d5 3. exd5 cxd5 4. Bd3 Nc6 5. c3 Nf6 6. Nf3 Bg4 7. h3 Bh5 8. O-O
e6 9. Bf4 Bd6 10. Bxd6 Qxd6 11. Qe2 O-O 12. Nbd2 Rab8 13. Qe3 Bg6 14. Bxg6 hxg6
15. Ne5 Qc7 16. f4 Ne7 17. Qe2 Nf5 18. Rf3 Nd6 19. Rd1 b5 20. g4 Rfc8 21. g5
Nfe4 22. Nxe4 Nxe4 23. h4 Nd6 24. Rh3 Nf5 25. h5 gxh5 26. Qxh5 Kf8 27. Re1 Ke8
28. g6 f6 29. Nd3 Qe7 30. Nc5 Rxc5 31. Qh8+ Kd7 32. Qxb8 Rc7 33. Qxb5+ Rc6 34.
Qb8 Rc7 35. Rh5 Qd6 36. Rxf5 Rc8 37. Qxd6+ Kxd6 38. Rh5 1-0

[Event "23. Memorial Kochana - B"]
[Site "Koszalin"]
[Date "2012.08.12"]
[Round "2.6"]
[White "Karwowski, Kacper"]
[Black "Januszkiewicz, Wojciech"]
[Result "1-0"]
[WhiteElo "1864"]
[BlackElo "1766"]
[PlyCount "67"]
[EventDate "2012.??.??"]

1. e4 c5 2. Nf3 d6 3. d4 cxd4 4. Nxd4 Nf6 5. Nc3 a6 6. Bg5 Nbd7 7. Bc4 Qa5 8.
Qd2 e6 9. O-O b5 10. Bd3 Bb7 11. Rfe1 Be7 12. a4 b4 13. Na2 Nxe4 14. Bxe4 Bxg5
15. f4 Bxe4 16. fxg5 Nc5 17. Nxb4 O-O 18. Re2 Rab8 19. c3 Qb6 20. a5 Qb7 21.
Rf1 d5 22. Qe3 Qc7 23. Ndc6 Rb5 24. Qf4 Qxf4 25. Rxf4 Rb7 26. Re3 f6 27. gxf6
gxf6 28. c4 Rg7 29. g3 e5 30. Rh4 Rc8 31. cxd5 Bxd5 32. Nxd5 Rxc6 33. Rc3 Rc8
34. Rhc4 1-0

[Event "23. Memorial Kochana - B"]
[Site "Koszalin"]
[Date "2012.08.12"]
[Round "2.9"]
[White "Bregoszewski, Leon"]
[Black "Czernicki, Bogdan"]
[Result "1/2-1/2"]
[WhiteElo "1685"]
[BlackElo "1850"]
[PlyCount "75"]
[EventDate "2012.??.??"]

1. d4 c5 2. e3 g6 3. f4 Bg7 4. Nf3 cxd4 5. exd4 d5 6. Bd3 Bg4 7. c3 Bxf3 8.
Qxf3 e6 9. O-O Nc6 10. Re1 Nge7 11. Be3 Qb6 12. Qe2 O-O 13. b4 Nf5 14. Kh1 Nd6
15. a4 f5 16. a5 Qc7 17. Nd2 Ne7 18. Rac1 Rac8 19. Nf3 Ne4 20. Bd2 Qd6 21. Ne5
Nc6 22. Bxe4 fxe4 23. Qe3 a6 24. Rg1 Rc7 25. Rcf1 Qd8 26. g4 Nxe5 27. dxe5 Rcf7
28. Qd4 Qc7 29. Re1 Bh6 30. g5 Bg7 31. Be3 Rc8 32. Rc1 Qc4 33. Qd2 Rfc7 34. Bd4
Bf8 35. Rcf1 Rf7 36. Rf2 Be7 37. h4 Rcf8 38. Rg3 1/2-1/2

[Event "23. Memorial Kochana - B"]
[Site "Koszalin"]
[Date "2012.08.12"]
[Round "2.11"]
[White "Ziobrowska, Danuta"]
[Black "Kiolbasa, Damian"]
[Result "0-1"]
[WhiteElo "1621"]
[BlackElo "1826"]
[PlyCount "86"]
[EventDate "2012.??.??"]

1. d4 d5 2. c4 c6 3. Nc3 Nf6 4. Nf3 e6 5. a3 dxc4 6. e4 b5 7. Bg5 Bb7 8. d5
cxd5 9. exd5 Qb6 10. Bxf6 gxf6 11. dxe6 Bc5 12. Qe2 fxe6 13. O-O-O a6 14. Ne4
Nd7 15. Nd6+ Ke7 16. Nf5+ Kd8 17. Nh6 Kc7 18. Qd2 Qd6 19. Qa5+ Qb6 20. Qd2 Bd5
21. Qf4+ Kb7 22. Ng4 f5 23. Ne3 Bxe3+ 24. fxe3 Nc5 25. Nd4 Be4 26. Rg1 Rac8 27.
Kd2 Rhe8 28. Qe5 Qc7 29. Qxc7+ Rxc7 30. g3 e5 31. Bg2 exd4 32. exd4 Nb3+ 33.
Kc3 Bxg2 34. Rxg2 Re3+ 35. Kc2 Rce7 36. d5 Re2+ 37. Rxe2 Rxe2+ 38. Kc3 Kc7 39.
d6+ Kd7 40. Rd5 Rf2 41. a4 bxa4 42. Kxc4 Rxb2 43. Rxf5 a3 0-1

[Event "23. Memorial Kochana - B"]
[Site "Koszalin"]
[Date "2012.08.12"]
[Round "2.12"]
[White "Malaczek, Mateusz"]
[Black "Koszowski, Krystian"]
[Result "0-1"]
[WhiteElo "1822"]
[BlackElo "1677"]
[PlyCount "32"]
[EventDate "2012.??.??"]

1. e4 e5 2. Nf3 d6 3. Bc4 Bg4 4. O-O Qf6 5. Be2 Ne7 6. c3 Nbc6 7. d3 h6 8. Be3
d5 9. Qb3 dxe4 10. dxe4 O-O-O 11. Qa4 Ng6 12. b4 Nh4 13. Nd4 Qg6 14. Nf5 Bxf5
15. g3 Bh3 16. Nd2 Rxd2 0-1

[Event "23. Memorial Kochana - B"]
[Site "Koszalin"]
[Date "2012.08.12"]
[Round "2.13"]
[White "Pilat, Wieslaw"]
[Black "Prokopski, Tadeusz"]
[Result "1-0"]
[WhiteElo "1899"]
[BlackElo "1618"]
[PlyCount "75"]
[EventDate "2012.??.??"]

1. e4 c5 2. f4 e6 3. e5 d6 4. Nf3 a6 5. Nc3 Nc6 6. Be2 f6 7. exd6 Bxd6 8. d3
Qc7 9. g3 Nge7 10. Ne4 Nd5 11. c4 Nde7 12. Be3 b6 13. Qb3 Nf5 14. Nxd6+ Qxd6
15. Bf2 Rb8 16. O-O-O O-O 17. Qc3 Rd8 18. Rd2 Rd7 19. Rhd1 Nfd4 20. Nxd4 cxd4
21. Qc2 Nb4 22. Qb3 Qc5 23. Kb1 Bb7 24. a3 Nc6 25. Re1 Kf7 26. Bg4 Re7 27. Qd1
b5 28. b4 Qb6 29. c5 Qa7 30. Rde2 Bc8 31. Qb3 Qd7 32. f5 Kf8 33. Rxe6 Ne5 34.
Rd6 Qb7 35. Bxd4 Bd7 36. Bxe5 Rxe5 37. Rxe5 fxe5 38. Qd5 1-0

[Event "23. Memorial Kochana - B"]
[Site "Koszalin"]
[Date "2012.08.12"]
[Round "2.14"]
[White "Dura, Damian"]
[Black "Pijewski, Milosz"]
[Result "0-1"]
[WhiteElo "1617"]
[BlackElo "1511"]
[PlyCount "77"]
[EventDate "2012.??.??"]

1. e4 c6 2. d4 d5 3. e5 Bf5 4. Nc3 e6 5. a3 Nd7 6. Bd3 Bxd3 7. Qxd3 c5 8. Be3
Qc7 9. f4 cxd4 10. Bxd4 Nh6 11. Nf3 Nf5 12. Nxd5 Qa5+ 13. Nc3 Nxd4 14. Nxd4 Be7
15. Qb5 Qc7 16. Rd1 a6 17. Qa4 Rd8 18. Ne4 O-O 19. Qb3 Nc5 20. Qc4 Qb6 21. Nd6
Bxd6 22. exd6 Rxd6 23. b4 Ne4 24. Ke2 Rfd8 25. c3 Nxc3+ 26. Qxc3 Rxd4 27. Rxd4
Rxd4 28. Qc8+ Rd8 29. Rc1 Qd6 30. Qc3 Qxf4 31. Qd3 Qe5+ 32. Kf2 Qf6+ 33. Qf3
Qb2+ 34. Kg3 Qxc1 35. Qxb7 Qe3+ 36. Kh4 Qf4+ 37. Kh3 Rd3+ 38. g3 Qf5+ 39. Kh4
0-1

[Event "23. Memorial Kochana"]
[Site "Koszalin"]
[Date "2012.08.13"]
[Round "3.1"]
[White "Malaniuk, Vladimir P"]
[Black "Ovsejevitsch, Sergei"]
[Result "1/2-1/2"]
[WhiteElo "2523"]
[BlackElo "2561"]
[PlyCount "49"]
[EventDate "2012.??.??"]

1. d4 Nf6 2. c4 e6 3. g3 Bb4+ 4. Bd2 a5 5. Bg2 O-O 6. Nf3 d5 7. Qc2 c5 8. cxd5
cxd4 9. Nxd4 Qb6 10. e3 Nxd5 11. O-O Bd7 12. Nc3 Nf6 13. Rfc1 e5 14. Nf3 Re8
15. a3 Bxc3 16. Bxc3 Nc6 17. b3 Bg4 18. Qb2 Nd7 19. b4 axb4 20. axb4 Rxa1 21.
Rxa1 Qb5 22. Nd2 Nf6 23. h3 Be2 24. Ne4 Nxe4 25. Bxe4 1/2-1/2

[Event "23. Memorial Kochana"]
[Site "Koszalin"]
[Date "2012.08.13"]
[Round "3.2"]
[White "Weichhold, Pawel"]
[Black "Shishkin, Vadim"]
[Result "0-1"]
[WhiteElo "2365"]
[BlackElo "2485"]
[PlyCount "48"]
[EventDate "2012.??.??"]

1. e4 c5 2. Nf3 d6 3. d4 cxd4 4. Nxd4 Nf6 5. Nc3 e6 6. g4 e5 7. Nf5 h5 8. Bg5
hxg4 9. Bb5+ Nc6 10. Nd5 Bxf5 11. Bxf6 gxf6 12. exf5 Bh6 13. c3 Bg5 14. Qa4 Rc8
15. Qxa7 Qd7 16. Qa3 Kf8 17. Nb6 Qxf5 18. Qxd6+ Kg7 19. Qd3 e4 20. Qe2 Rcd8 21.
Bxc6 Rd2 22. Qf1 bxc6 23. Nc4 Rxf2 24. Qxf2 Bh4 0-1

[Event "23. Memorial Kochana"]
[Site "Koszalin"]
[Date "2012.08.13"]
[Round "3.3"]
[White "Sieciechowicz, Marcin"]
[Black "Mielczarski, Miroslaw"]
[Result "1/2-1/2"]
[WhiteElo "2441"]
[BlackElo "2238"]
[PlyCount "144"]
[EventDate "2012.??.??"]

1. d4 d5 2. c4 dxc4 3. e4 c5 4. d5 Nf6 5. Nc3 e6 6. Bxc4 exd5 7. Nxd5 Nxd5 8.
Bxd5 Be7 9. Ne2 O-O 10. O-O Nd7 11. Nc3 Nb6 12. Bf4 Kh8 13. Qh5 Qe8 14. Rad1 c4
15. Qe2 Bb4 16. Bxc4 Bxc3 17. Bb5 Bd7 18. Bxd7 Nxd7 19. bxc3 Rc8 20. Bd6 Rg8
21. Rd3 Qe6 22. f4 f5 23. e5 Nf6 24. Qf2 Ne4 25. Qxa7 Ra8 26. Qxb7 Qxa2 27. Re3
Ra4 28. Qd7 Nd2 29. Rfe1 Ne4 30. Rf1 Nd2 31. Re2 Re4 32. Ref2 Qd5 33. Qxf5 Nxf1
34. Rxf1 Re2 35. Qg4 Qe4 36. Qf3 Rc8 37. Qxe4 Rxe4 38. Rf3 g6 39. h3 Rcc4 40.
f5 gxf5 41. Rxf5 Rxc3 42. Be7 Kg8 43. Rg5+ Kf7 44. Bf6 Ke6 45. Rg7 h5 46. Rh7
h4 47. Rh6 Rcc4 48. Bxh4+ Kxe5 49. Bg3+ Kf5 50. Rh5+ Kg6 51. Rd5 Re2 52. h4 Rg4
53. Rd3 Kh5 54. Rd5+ Kg6 55. Bf2 Ra2 56. g3 Rb4 57. Rd3 Kf5 58. Kg2 Kg4 59. Re3
Rc4 60. Re5 Rxf2+ 61. Kxf2 Rc2+ 62. Re2 Rc4 63. Kg2 Ra4 64. Kf2 Rb4 65. Ra2 Rc4
66. Ra3 Rb4 67. Ke2 Rb2+ 68. Kd1 Rg2 69. Kc1 Re2 70. Kd1 Rg2 71. Rd3 Ra2 72.
Re3 Rb2 1/2-1/2

[Event "23. Memorial Kochana"]
[Site "Koszalin"]
[Date "2012.08.13"]
[Round "3.4"]
[White "Tiba, Vladyslav"]
[Black "Jacek, Krystian"]
[Result "0-1"]
[WhiteElo "2192"]
[BlackElo "2071"]
[PlyCount "70"]
[EventDate "2012.??.??"]

1. e4 c5 2. Nf3 e6 3. d3 Nc6 4. g3 d5 5. Nbd2 Nf6 6. Bg2 Be7 7. O-O O-O 8. e5
Nd7 9. Re1 Qc7 10. Qe2 b5 11. h4 b4 12. Nf1 a5 13. Bf4 Ba6 14. N1h2 c4 15. dxc4
dxc4 16. Ng5 Bxg5 17. hxg5 c3 18. Qh5 cxb2 19. Rad1 b1=Q 20. Rxb1 Nd4 21. Rbd1
Nf5 22. Ng4 Rad8 23. Be4 Nc5 24. Rxd8 Qxd8 25. Bf3 Bb7 26. Bxb7 Nxb7 27. Nf6+
gxf6 28. gxf6 Kh8 29. Rd1 Qc7 30. g4 Rg8 31. Kh2 Qxc2 32. Rd2 Qe4 33. Bg5 Qxe5+
34. f4 Qe3 35. Rd7 Qf2+ 0-1

[Event "23. Memorial Kochana"]
[Site "Koszalin"]
[Date "2012.08.13"]
[Round "3.5"]
[White "Rawicz, Karol"]
[Black "Sokolowski, Ryszard"]
[Result "1-0"]
[WhiteElo "2261"]
[BlackElo "2132"]
[PlyCount "51"]
[EventDate "2012.??.??"]

1. g3 c5 2. Bg2 Nc6 3. c4 Nf6 4. Nf3 e6 5. O-O Be7 6. Nc3 O-O 7. b3 a6 8. Bb2
d6 9. d4 cxd4 10. Nxd4 Bd7 11. Rc1 Rc8 12. e4 Qb6 13. Nxc6 Bxc6 14. Qd2 Rfd8
15. Rfd1 Qa7 16. Ba3 b5 17. cxb5 axb5 18. Bb4 Qb7 19. Qf4 e5 20. Qe3 Bf8 21.
Qe2 g6 22. Rc2 h5 23. h3 Be8 24. Rcd2 Qb6 25. Qf3 Kg7 26. Qxf6+ 1-0

[Event "23. Memorial Kochana"]
[Site "Koszalin"]
[Date "2012.08.13"]
[Round "3.6"]
[White "Kudas, Damian"]
[Black "Watorek, Marcin"]
[Result "1/2-1/2"]
[WhiteElo "2098"]
[BlackElo "2154"]
[PlyCount "52"]
[EventDate "2012.??.??"]

1. e4 c6 2. c4 e6 3. Nc3 d5 4. d4 dxe4 5. Nxe4 Bb4+ 6. Bd2 Qxd4 7. Bxb4 Qxe4+
8. Be2 Na6 9. Bd6 Qxg2 10. Qd2 e5 11. Bxe5 Bf5 12. Bf3 Qg6 13. O-O-O Nc5 14.
Qe3 Bb1 15. Rd2 Bxa2 16. Bd6+ Ne6 17. Be4 Qh6 18. f4 Nf6 19. Nf3 Bxc4 20. Re1
O-O-O 21. Bxc6 bxc6 22. Qxa7 Rxd6 23. Qa8+ Kc7 24. Qa7+ Kc8 25. Qa8+ Kc7 26.
Qa7+ Kc8 1/2-1/2

[Event "23. Memorial Kochana"]
[Site "Koszalin"]
[Date "2012.08.13"]
[Round "3.7"]
[White "Adamowicz, Maciej"]
[Black "Adamowicz, Katarzyna"]
[Result "0-1"]
[WhiteElo "1969"]
[BlackElo "2114"]
[PlyCount "66"]
[EventDate "2012.??.??"]

1. c4 e5 2. Nc3 Nf6 3. g3 d5 4. cxd5 Nxd5 5. Bg2 Nb6 6. Nf3 Nc6 7. O-O Be7 8.
a3 O-O 9. b4 Be6 10. d3 f5 11. Bb2 Bf6 12. Nd2 Qe8 13. Nb3 Be7 14. b5 Nd4 15.
Na5 Nxb5 16. Bxb7 Nd6 17. Bc6 Qf7 18. Bxa8 Rxa8 19. Nc6 Bf6 20. f4 exf4 21. Qc1
fxg3 22. hxg3 Qg6 23. Qf4 Bg5 24. Qf3 Re8 25. e4 Bd7 26. Nd4 fxe4 27. Nxe4 Nxe4
28. dxe4 Nc4 29. Bc1 Bxc1 30. Rfxc1 Nd2 31. Qg2 Rxe4 32. Nc2 Nb3 33. Re1 Bc6
0-1

[Event "23. Memorial Kochana - B"]
[Site "Koszalin"]
[Date "2012.08.13"]
[Round "3.1"]
[White "Kiolbasa, Damian"]
[Black "Szmidt, Przemyslaw"]
[Result "1-0"]
[WhiteElo "1826"]
[BlackElo "1936"]
[PlyCount "53"]
[EventDate "2012.??.??"]

1. c4 Nf6 2. Nf3 e6 3. g3 c5 4. Bg2 Nc6 5. O-O d5 6. cxd5 Nxd5 7. Nc3 Be7 8.
Nxd5 exd5 9. d4 O-O 10. Be3 c4 11. Ne5 Bf6 12. f4 Re8 13. Bf2 Bf5 14. Qa4 Bd7
15. Qc2 Bc8 16. Rfd1 Qd6 17. e4 Nb4 18. Qc3 dxe4 19. Bxe4 Nd5 20. Qf3 Nb6 21.
Bxh7+ Kxh7 22. Qh5+ Kg8 23. Qxf7+ Kh7 24. Qxe8 Be6 25. Qg6+ Kg8 26. d5 Bxd5 27.
Ng4 1-0

[Event "23. Memorial Kochana - B"]
[Site "Koszalin"]
[Date "2012.08.13"]
[Round "3.2"]
[White "Koszowski, Krystian"]
[Black "Karwowski, Kacper"]
[Result "1/2-1/2"]
[WhiteElo "1677"]
[BlackElo "1864"]
[PlyCount "77"]
[EventDate "2012.??.??"]

1. e4 c5 2. Nf3 d6 3. d4 cxd4 4. Nxd4 Nf6 5. Nc3 a6 6. Bd3 e5 7. Nb3 Be7 8. O-O
O-O 9. h3 b5 10. a3 Bb7 11. Bg5 Nbd7 12. Qf3 Rc8 13. Rad1 Nb6 14. Qg3 Nc4 15.
Bxc4 bxc4 16. Nd2 Kh8 17. Rfe1 Qb6 18. Qe3 Qd8 19. Nf3 Qc7 20. Bxf6 Bxf6 21.
Nd5 Bxd5 22. Rxd5 Rb8 23. b3 cxb3 24. cxb3 Rfc8 25. Red1 Be7 26. Qd3 Qb6 27.
Nd2 h6 28. Nc4 Qxb3 29. Nxd6 Qxd3 30. R1xd3 Rc1+ 31. Kh2 Bxd6 32. Rxd6 Rc4 33.
Rxa6 Rxe4 34. Ra7 Rf4 35. Rd2 Kg8 36. Re2 Rf6 37. a4 Rb1 38. a5 Ra1 39. Kg3
1/2-1/2

[Event "23. Memorial Kochana - B"]
[Site "Koszalin"]
[Date "2012.08.13"]
[Round "3.3"]
[White "Lisinski, Henryk"]
[Black "Czaplewska, Klara"]
[Result "1-0"]
[WhiteElo "1976"]
[BlackElo "1747"]
[PlyCount "49"]
[EventDate "2012.??.??"]

1. d4 d5 2. Nf3 Nf6 3. c4 e6 4. Nc3 Be7 5. Bf4 a6 6. Qc2 O-O 7. e3 b6 8. cxd5
exd5 9. Bd3 Nbd7 10. O-O Bb7 11. Ne5 h6 12. Rac1 c5 13. b3 cxd4 14. exd4 Rc8
15. Qe2 b5 16. Bf5 Bb4 17. Nxd7 Nxd7 18. Qf3 Bxc3 19. Rxc3 Rxc3 20. Qxc3 Nf6
21. Rc1 Re8 22. f3 Re2 23. Qc7 Qe7 24. Be5 Qb4 25. Qb8+ 1-0

[Event "23. Memorial Kochana - B"]
[Site "Koszalin"]
[Date "2012.08.13"]
[Round "3.4"]
[White "Fronczak, Sebastian"]
[Black "Tarczykowski, Janusz"]
[Result "0-1"]
[WhiteElo "1747"]
[BlackElo "1988"]
[PlyCount "81"]
[EventDate "2012.??.??"]

1. e4 Nf6 2. e5 Nd5 3. d4 d6 4. c4 Nb6 5. exd6 cxd6 6. Nc3 Nc6 7. Be3 g6 8. Rc1
Bg7 9. b3 O-O 10. d5 Ne5 11. Be2 f5 12. f4 Nf7 13. Nf3 e5 14. dxe6 Bxe6 15. O-O
Re8 16. Bd4 Bh6 17. g3 Bd7 18. Nd5 Nxd5 19. cxd5 Qa5 20. Ba1 Qxa2 21. Rf2 Qa3
22. Bc4 Bg7 23. Nd4 Re4 24. Ne6 Bxa1 25. Rxa1 Qb4 26. Qc1 Nd8 27. Qb2 Nxe6 28.
dxe6 Bxe6 29. Bxe6+ Rxe6 30. Ra4 Qb5 31. Rc4 Re1+ 32. Kg2 Qd5+ 33. Kh3 Rae8 34.
Rc7 R1e7 35. Rfc2 Qf7 36. Rxe7 Qxe7 37. Qd4 Qe4 38. Qd2 d5 39. Rc7 Qf3 40. Qd4
Qh5+ 41. Kg2 0-1

[Event "23. Memorial Kochana - B"]
[Site "Koszalin"]
[Date "2012.08.13"]
[Round "3.5"]
[White "Bartoszewicz, Marcin"]
[Black "Zimochocki, Roman"]
[Result "1-0"]
[WhiteElo "1908"]
[BlackElo "1805"]
[PlyCount "87"]
[EventDate "2012.??.??"]

1. e4 c6 2. d4 d5 3. exd5 cxd5 4. c4 Nf6 5. Nc3 e6 6. Nf3 Be7 7. c5 O-O 8. Ne5
Nbd7 9. Nxd7 Bxd7 10. Bf4 Qa5 11. Bd2 Qc7 12. f4 Ne4 13. Nxe4 dxe4 14. b4 Bc6
15. b5 Bd5 16. Be3 Rfd8 17. Be2 Qa5+ 18. Qd2 Qxd2+ 19. Kxd2 f5 20. Kc3 Rac8 21.
Bc4 Bf6 22. Kb4 Rc7 23. Rhd1 Kf7 24. a4 Be7 25. Kb3 Rcd7 26. Rac1 Bxc5 27. Bxd5
Rxd5 28. Rc4 Be7 29. Rc7 R8d7 30. Rdc1 Bd8 31. R7c4 Ke7 32. Kb4 Bb6 33. Rd1 Rc7
34. Rdc1 Rxc4+ 35. Rxc4 Rd7 36. a5 Bc7 37. a6 bxa6 38. bxa6 Bd6+ 39. Kb5 Rc7
40. Rxc7+ Bxc7 41. d5 exd5 42. Bxa7 Kd7 43. Be3 Kc8 44. Kc6 1-0

[Event "23. Memorial Kochana - B"]
[Site "Koszalin"]
[Date "2012.08.13"]
[Round "3.6"]
[White "Przerwa, Waldemar"]
[Black "Pilat, Wieslaw"]
[Result "0-1"]
[WhiteElo "1807"]
[BlackElo "1899"]
[PlyCount "96"]
[EventDate "2012.??.??"]

1. g3 d5 2. Nf3 c5 3. c4 d4 4. Bg2 Nc6 5. O-O e5 6. d3 Be7 7. e3 Bg4 8. exd4
cxd4 9. Qa4 Qd7 10. Re1 f6 11. a3 Nh6 12. Bxh6 gxh6 13. b4 Kf7 14. Nbd2 a5 15.
b5 Nd8 16. Rxe5 Qc7 17. Ree1 Ne6 18. Nb3 Rhd8 19. Nfd2 Nc5 20. Nxc5 Bxc5 21.
Bd5+ Kg7 22. Ne4 Ra7 23. Kg2 b6 24. f3 Bh5 25. Re2 Re8 26. Rae1 Re7 27. Bc6 Qe5
28. g4 Bg6 29. Ng3 Qd6 30. h4 Qf4 31. Be4 Bd6 32. Nf1 f5 33. Bxf5 Bxf5 34. gxf5
Qxh4 35. Qd1 Qg5+ 36. Kh1 Qh5+ 37. Kg1 Qxf5 38. Rg2+ Kh8 39. Re4 Bxa3 40. Reg4
Rg7 41. Qe2 Rxg4 42. Rxg4 Re7 43. Qg2 Qe6 44. Re4 Qd7 45. Qh2 Bd6 46. Qxh6 Rxe4
47. dxe4 Qg7+ 48. Qxg7+ Kxg7 0-1

[Event "23. Memorial Kochana - B"]
[Site "Koszalin"]
[Date "2012.08.13"]
[Round "3.7"]
[White "Darowicki, Mariusz"]
[Black "Siwon, Zbigniew"]
[Result "1-0"]
[WhiteElo "1856"]
[BlackElo "1792"]
[PlyCount "91"]
[EventDate "2012.??.??"]

1. e4 c5 2. Nf3 Nc6 3. d4 cxd4 4. Nxd4 g6 5. c4 Bg7 6. Be3 d6 7. Nc3 Nf6 8. Be2
O-O 9. O-O Bd7 10. Rc1 Qc8 11. f3 b6 12. Nd5 Qd8 13. Nxc6 Bxc6 14. Qd2 Nd7 15.
Bg5 Bxd5 16. exd5 Bf6 17. Bxf6 Nxf6 18. f4 Qc7 19. Bd3 Qc5+ 20. Kh1 Rae8 21. f5
Kg7 22. Rf3 Rh8 23. Rh3 Ng4 24. Rf1 h5 25. Rg3 Rh6 26. Qf4 Ne5 27. f6+ exf6 28.
Qxf6+ Kh7 29. b3 Rf8 30. Be2 Qc7 31. b4 Qd8 32. Qf4 f5 33. c5 Rf7 34. c6 Kg7
35. Rc1 Rh8 36. a4 Ng4 37. Bxg4 fxg4 38. Qd4+ Kh7 39. Re3 Rhf8 40. Ree1 Rf4 41.
Qe3 R8f7 42. c7 Qc8 43. Qe6 Qa6 44. Qxf7+ Rxf7 45. c8=Q Qxa4 46. Rc7 1-0

[Event "23. Memorial Kochana - B"]
[Site "Koszalin"]
[Date "2012.08.13"]
[Round "3.8"]
[White "Osinski, Kamil"]
[Black "Kowalski, Maciej"]
[Result "1/2-1/2"]
[WhiteElo "1713"]
[BlackElo "1851"]
[PlyCount "103"]
[EventDate "2012.??.??"]

1. e4 d5 2. exd5 Nf6 3. d4 Nxd5 4. c4 Nb6 5. Nf3 g6 6. Nc3 Bg7 7. c5 Nd5 8. Bc4
c6 9. O-O O-O 10. Re1 Be6 11. Qb3 b6 12. cxb6 axb6 13. Bg5 Nc7 14. Rad1 Bxc4
15. Qxc4 Nd5 16. Ne5 f6 17. Nxc6 Nxc6 18. Nxd5 Na5 19. Nxe7+ Kh8 20. Qb5 fxg5
21. d5 Qd6 22. Re6 Qc5 23. Qxb6 Qxb6 24. Rxb6 Nc4 25. Rb7 Nxb2 26. Rf1 Nd3 27.
Nc6 Rxa2 28. d6 Rc2 29. Rc7 Ne5 30. Nxe5 Rxc7 31. Nxg6+ hxg6 32. dxc7 Rc8 33.
Rc1 Be5 34. g3 Rxc7 35. Re1 Bd4 36. Rd1 Ba7 37. Rd2 Kg7 38. Kg2 Kh6 39. Ra2 Rf7
40. h3 Kg7 41. Rc2 Re7 42. Ra2 Bb8 43. Rb2 Be5 44. Ra2 Kf6 45. Kf3 Rd7 46. Ra6+
Rd6 47. Rxd6+ Bxd6 48. Kg4 Be7 49. f4 gxf4 50. gxf4 Kg7 51. h4 Kh6 52. f5
1/2-1/2

[Event "23. Memorial Kochana - B"]
[Site "Koszalin"]
[Date "2012.08.13"]
[Round "3.9"]
[White "Czernicki, Bogdan"]
[Black "Lebiedowicz, Borys"]
[Result "1/2-1/2"]
[WhiteElo "1850"]
[BlackElo "1730"]
[PlyCount "102"]
[EventDate "2012.??.??"]

1. d4 Nf6 2. c4 c5 3. e3 e6 4. Nf3 Be7 5. Nc3 O-O 6. Be2 b6 7. O-O Bb7 8. d5
exd5 9. cxd5 d6 10. e4 Nbd7 11. a4 a6 12. b3 Qc7 13. Bb2 Rfe8 14. Nd2 Kh8 15.
f4 Ng8 16. Nc4 Bf6 17. Bf3 Bd4+ 18. Kh1 f6 19. Qc2 Nh6 20. Rae1 Nf7 21. Bg4 Re7
22. Re2 Rae8 23. Rfe1 Nf8 24. Nd2 Bc8 25. Bxc8 Rxc8 26. Nf3 Ng6 27. Qd2 Bxc3
28. Bxc3 Rce8 29. h3 Qd7 30. Kh2 b5 31. axb5 Qxb5 32. f5 Nge5 33. Bxe5 Nxe5 34.
Nxe5 Rxe5 35. Re3 h6 36. Qe2 Ra8 37. Qh5 Rae8 38. Qe2 Qxe2 39. R1xe2 Kg8 40.
Kg3 Rb8 41. Ra2 Rb6 42. Kf4 Re8 43. g4 Kf7 44. h4 Ra8 45. g5 hxg5+ 46. hxg5 Rh8
47. g6+ Ke7 48. Kg3 Rhb8 49. Ra3 Rh8 50. Re2 Rhb8 51. Re3 Rh8 1/2-1/2

[Event "23. Memorial Kochana - B"]
[Site "Koszalin"]
[Date "2012.08.13"]
[Round "3.10"]
[White "Pijewski, Milosz"]
[Black "Osinski, Emil"]
[Result "0-1"]
[WhiteElo "1511"]
[BlackElo "1839"]
[PlyCount "48"]
[EventDate "2012.??.??"]

1. d4 c5 2. dxc5 e6 3. Bf4 Bxc5 4. e3 Qb6 5. Be5 f6 6. Bc3 Nc6 7. Nd2 d5 8. Nb3
Nge7 9. Nxc5 Qxc5 10. Qg4 O-O 11. O-O-O e5 12. Qa4 a6 13. a3 Be6 14. Nf3 Rfc8
15. Qb3 b5 16. Bb4 Nxb4 17. axb4 Qb6 18. Qa3 Rc7 19. Be2 Bf5 20. Rd2 a5 21. b3
Nc6 22. bxa5 Rxa5 23. Qb2 Nb4 24. Nxe5 Na2+ 0-1